INFORM, information for historic building owners (Record no. 112242)

MARC details
000 -LEADER
fixed length control field 00954cad a22002295a 4500
001 - CONTROL NUMBER
control field E152877
008 - FIXED-LENGTH DATA ELEMENTS--GENERAL INFORMATION
fixed length control field 110510s2011 xxk f 000 0 eng d
035 ## - SYSTEM CONTROL NUMBER
System control number (Sirsi) u152877
041 0# - LANGUAGE CODE
Language code of text/sound track or separate title eng
050 04 - LIBRARY OF CONGRESS CALL NUMBER
Classification number 690.241 $2 18
110 2# - MAIN ENTRY--CORPORATE NAME
Corporate name or jurisdiction name as entry element Historic Scotland
9 (RLIN) 2914
245 00 - TITLE STATEMENT
Title INFORM, information for historic building owners
Remainder of title earth mortar and earth buildings
Medium [electronic resource]
260 ## - PUBLICATION, DISTRIBUTION, ETC.
Place of publication, distribution, etc. Edinburgh
Name of publisher, distributor, etc. Historic Scotland
Date of publication, distribution, etc. 2011
490 #0 - SERIES STATEMENT
Series statement Inform
520 ## - SUMMARY, ETC.
Summary, etc. Provides information on clay mortars and associated repair and maintenance issues. Also discusses other uses of earth as a building material.
521 ## - TARGET AUDIENCE NOTE
Target audience note Introductory
590 ## - LOCAL NOTE (RLIN)
Local note KA
651 #4 - SUBJECT ADDED ENTRY--GEOGRAPHIC NAME
Geographic name Scotland
Chronological subdivision 1999-
690 ## - LOCAL SUBJECT ADDED ENTRY--TOPICAL TERM (OCLC, RLIN)
Topical term or geographic name as entry element BUILT ENVIRONMENT-BUILDING TYPES-ANCIENT MONUMENTS AND HISTORIC BUILDINGS
856 40 - ELECTRONIC LOCATION AND ACCESS
Uniform Resource Identifier <a href="https://www.historic-scotland.gov.uk/publicationsresultsdetail.htm?id=4dc88e3f7">https://www.historic-scotland.gov.uk/publicationsresultsdetail.htm?id=4dc88e3f7</a>
Public note View the guide free of charge at www.historic-scotland.gov.uk
942 ## - ADDED ENTRY ELEMENTS (KOHA)
Suppress in OPAC 0
Holdings
Withdrawn status Lost status Source of classification or shelving scheme Damaged status Not for loan Home library Current library Shelving location Date acquired Total Checkouts Full call number Barcode Date last seen Copy number Price effective from Koha item type
    Dewey Decimal Classification     Virtual Virtual Online 10/05/2011   ONLINE PUBLICATION 152877-1001 06/08/2019 1 06/08/2019 Book